Science Quiz

Random Science or Animal Quiz

Touch a Shark Quiz Stats

 Plays Quiz Updated Jul 23, 2018

Challenge
Share
Tweet
Score 0/20 Timer 04:00
15 Plays Today
% Correct
Great White Shark
90.4%
Scalloped Hammerhead
87.7%
Zebra Bullhead Shark
76.2%
Whale Shark
75.7%
Goblin Shark
75.6%
Blue Shark
72.8%
Megamouth Shark
69.8%
Sawshark
67.3%
Blacktip Reef Shark
58.7%
Tiger Shark
56.9%
% Correct
Chain Catshark
56.4%
Bull Shark
54.7%
Thresher Shark
52.4%
Basking Shark
49.3%
Nurse Shark
47%
Angelshark
46.5%
Wobbegong
45.4%
Crested Horn Shark
44.4%
Frilled Shark
43.3%
Smooth Hound Shark
40.9%

You're not logged in!

Compare scores with friends on all Sporcle quizzes.
OR
Log In

You Might Also Like...

Show Comments

Extras

Top Quizzes Today


Score Distribution

Your Account Isn't Verified!

In order to create a playlist on Sporcle, you need to verify the email address you used during registration. Go to your Sporcle Settings to finish the process.

Report this User

Report this user for behavior that violates our Community Guidelines.

Details: